00934nabaa22001937a 4500003000400000005001700004008004100021040000700062100003200069245014700101300001500248505017200263505008900435650002700524650002700551650001900578650003100597773011200628OSt20260122210308.0190701b xxu||||| |||| 00| 0 spa d cPJ aRomero Verdún, Iván F. 13aLa desvinculación del personal estatal transitorio :bcomentario a propósito de “Flores, María José” /cIván F. Romero Verdún. ap. 154-161 aSumario: I. Introducción.— II. Desvinculación ilegítima del personal transitorio en la jurisprudencia.— III. Cuestiones prácticas.— IV. Palabras finales. t¿Te interesa el texto completo? Comunicate al correo: koha@justierradelfuego.gov.ar 0aDERECHO ADMINISTRATIVO 0aADMINISTRACION PUBLICA 0aEMPLEO PUBLICO 0aFALLOS DE LA CORTE SUPREMA0 02842dBuenos Aires : AbeledoPerrot, 2012-oDA121tDerecho administrativo. Nº 147 mayo/junio 2023z18510590